<A> changing financial environment and the implications for monetary policy

Salvato in:
Dettagli Bibliografici
Autore principale: Mylonas, Paul
Altri autori: Schich, Sebastian, Wehinger, Gert
Natura: Libro
Lingua:inglese
Pubblicazione: Paris OECD 2000
Serie:Economics department working papers No. 243
Soggetti:
Tags: Aggiungi Tag
Nessun Tag, puoi essere il primo ad aggiungerne!!

MARC

LEADER 00000nam a2200000 4500
001 c122669
005 20221221084355.4
041 0 |a eng 
044 |a FR 
245 1 0 |a <A> changing financial environment and the implications for monetary policy  |c by Paul Mylonas, Sebastian Schich and Gert Wehinger 
264 1 |a Paris  |b OECD  |c 2000 
300 |a 48 s. 
490 1 |a Economics department working papers  |v No. 243 
830 0 |a Economics department working papers  |v No. 243 
610 2 0 |a financie 
610 2 0 |a politika finančná 
610 2 0 |a politika peňažná 
610 2 0 |a trh finančný 
610 2 0 |a domácnosti 
610 2 0 |a firmy 
610 2 0 |a bilancie 
610 2 0 |a blahobyt 
100 1 |a Mylonas, Paul 
700 1 |a Schich, Sebastian 
700 1 |a Wehinger, Gert